00474nam a2200157Ia 4500008004100000016001400041040001700055050002100072082001200093100002800105245007400133260003200207300001800239563001000257650004900267210303s9999 xx 000 0 und d 2reto2022b aNLNbEnglish aPQ2615.E35bM332 a843.912 aHEMON, Louisd1880-1913 0aMaria Chapdelaine, a tale of the Lake St. John Country /cLouis Hemon aToronto :bMacMillan,c1958 a198p.b; 18cm a(pbk) aHémon, Louis, 1880-1913. Maria Chapdelaine